|
|
|
|
| LEADER |
00749nnm a2200217 i 4500 |
| 001 |
eta2319 |
| 005 |
20191113154637.0 |
| 008 |
191113s2014 hu o 0|| hun d |
| 040 |
|
|
|a SZTE Elektronikus Tananyag Archívum
|b hun
|
| 041 |
|
|
|a hun
|
| 100 |
1 |
|
|a Kató Zoltán
|
| 245 |
1 |
0 |
|a Körbelátó kamerák
|h [elektronikus dokumentum] :
|b oktatási segédanyag /
|c Kató Zoltán
|
| 260 |
|
|
|c 2014-10
|
| 300 |
|
|
|a 22
|
| 516 |
|
|
|a Book
|
| 650 |
|
4 |
|a Természettudományok
|
| 650 |
|
4 |
|a Számítás- és információtudomány
|
| 650 |
|
4 |
|a Fizikai tudományok
|
| 650 |
|
4 |
|a Optika (benne lézer-optika és kvantumoptika)
|
| 650 |
|
4 |
|a Optika, nemlineáris optika és nanooptika
|
| 856 |
4 |
0 |
|u https://eta.bibl.u-szeged.hu/2319/1/OmniKamera.pdf
|z Dokumentum-elérés
|